000 00919nam a2200277 i 4500
003 DO-SdBNP
005 20240613110848.0
006 a||||gr|||| 00| 0
007 ta
008 240613e2024 dr ||||| |||| 00| p spa d
020 _a9789945648973
040 _aDO-SdBNP
_bspa
_cBNPHU
_erda
082 4 _222
_bN789a
100 1 _aNolasco Astacio, Amantina
_eautora
_985656
245 1 0 _aAcrósticos bíblicos:
_buna invitación a leer la biblia /
_cNolasco Amantina.
264 _aSanto Domingo :
_bSantuario,
_c2024
300 _a 89 páginas ;
_c23 cm.
336 _2rdacontent
_atexto
_btxt
337 _2rdamedia
_asin mediación
_bn
338 _2rdacarrier
_avolumen
_bnc
500 _aIncluye datos biográficos de la autora en las solapas de las cubierta.
590 _aInventariado 2024 / MF
650 4 _aLitertura Cristiana Dominicana
_924596
_xPoesía
650 4 _aDios
_xPoesía
_911869
942 _2ddc
_cLBS1
999 _c56843
_d56843